00699 a2200205 450000500170000000800410001701000140005802000230007203500130009503700180010808200120012610000160013824500840015426000350023827001090027330000250038250000520040770000170045970000170047620080908151155.0080908t xxu||||| |||| 00| 0 eng d aENG-87662 a8183600263c100.00 aEN-71195 bD.B.Act / Pub a631.587 aMane, M. S. aPrinciples of drip irrigation systemcby M.S. Mane, B. L. Ayare and S. S. Magar aNew DelhibJain Brothersc2006 a16/873, East Park Road, Karol BaghbNew Delhie110005k011-23618426, 011-23619023mjain_bros@hotmail.com a160 p.c22 cm. (Pbk) aIncludes glossary and bibliographical refrences aMagar, S. S. aAyare, B. L.